Modelos animales de miedo y ansiedad: descripciones neuro-conductuales = Animal models of fear and anxiety: neurobehavioral descriptions /

Salvato in:
Dettagli Bibliografici
Autore principale: Mora-Gallegos, Andrea
Altri autori: Salas, Sofía
Natura: testo
Tags: Aggiungi Tag
Nessun Tag, puoi essere il primo ad aggiungerne!!

MARC

LEADER 00000 a a2200000 04500
001 47365
003
040
100 |a Mora-Gallegos, Andrea  
245 |a Modelos animales de miedo y ansiedad: descripciones neuro-conductuales =   |b Animal models of fear and anxiety: neurobehavioral descriptions /  |c Andrea Mora-Gallegos, Sofía Salas  
700 |a Salas, Sofía  
773 |g volumen28, número117, (2014), páginas 1-12  
999 |c 25267  |d 25267 
773 0 |0 18811  |9 3334  |a Universidad de Costa Rica. Instituto de Investigaciones en Psicología  |d San José, C.R.: Editorial de la UCR  |o 16526  |t Actualidades en Psicología /